<?xml version="1.0" encoding="UTF-8"?>
<record
    xmlns:xsi="http://www.w3.org/2001/XMLSchema-instance"
    xsi:schemaLocation="http://www.loc.gov/MARC21/slim http://www.loc.gov/standards/marcxml/schema/MARC21slim.xsd"
    xmlns="http://www.loc.gov/MARC21/slim">

  <leader>00500nam a2200181Ia 4500</leader>
  <controlfield tag="003">3228</controlfield>
  <controlfield tag="005">20230714143819.0</controlfield>
  <controlfield tag="008">220601s9999    xx            000 0 und d</controlfield>
  <datafield tag="020" ind1=" " ind2=" ">
    <subfield code="a">978-1-9202-6242-6</subfield>
  </datafield>
  <datafield tag="040" ind1=" " ind2=" ">
    <subfield code="a">Manual</subfield>
    <subfield code="b">English</subfield>
    <subfield code="c">Manual</subfield>
    <subfield code="d">3228</subfield>
    <subfield code="e">rda</subfield>
  </datafield>
  <datafield tag="041" ind1=" " ind2=" ">
    <subfield code="a">IsiZulu</subfield>
  </datafield>
  <datafield tag="082" ind1=" " ind2=" ">
    <subfield code="a">ZUL KF ZWAN</subfield>
  </datafield>
  <datafield tag="100" ind1=" " ind2=" ">
    <subfield code="a">Zwane, Khanyisile</subfield>
  </datafield>
  <datafield tag="245" ind1=" " ind2="0">
    <subfield code="a">Ubonga noBongiwe /</subfield>
  </datafield>
  <datafield tag="260" ind1=" " ind2=" ">
    <subfield code="a">Centurion:</subfield>
    <subfield code="b">Qualibooks Publishing,</subfield>
    <subfield code="c">2007.</subfield>
  </datafield>
  <datafield tag="300" ind1=" " ind2=" ">
    <subfield code="a">16 pages.:</subfield>
    <subfield code="b">color illustrations;</subfield>
    <subfield code="c">21 cm</subfield>
  </datafield>
  <datafield tag="942" ind1=" " ind2=" ">
    <subfield code="c">BK</subfield>
    <subfield code="2">ddc</subfield>
    <subfield code="y">5815</subfield>
    <subfield code="z">Pontsho Maoko</subfield>
  </datafield>
  <datafield tag="999" ind1=" " ind2=" ">
    <subfield code="c">630613</subfield>
    <subfield code="d">630612</subfield>
  </datafield>
  <datafield tag="952" ind1=" " ind2=" ">
    <subfield code="0">0</subfield>
    <subfield code="1">0</subfield>
    <subfield code="2">ddc</subfield>
    <subfield code="4">0</subfield>
    <subfield code="7">0</subfield>
    <subfield code="8">FIC</subfield>
    <subfield code="a">KWAML</subfield>
    <subfield code="b">PHUML</subfield>
    <subfield code="d">2022-02-16</subfield>
    <subfield code="l">0</subfield>
    <subfield code="o">ZUL K F ZWAN</subfield>
    <subfield code="p">33228031022866</subfield>
    <subfield code="r">2022-02-16</subfield>
    <subfield code="w">2022-02-16</subfield>
    <subfield code="y">BOOK</subfield>
  </datafield>
  <datafield tag="952" ind1=" " ind2=" ">
    <subfield code="0">0</subfield>
    <subfield code="1">0</subfield>
    <subfield code="2">ddc</subfield>
    <subfield code="4">0</subfield>
    <subfield code="7">0</subfield>
    <subfield code="8">FIC</subfield>
    <subfield code="a">KWAML</subfield>
    <subfield code="b">THEML</subfield>
    <subfield code="c">CHILD</subfield>
    <subfield code="d">2022-02-22</subfield>
    <subfield code="l">0</subfield>
    <subfield code="o">ZUL K F ZWAN</subfield>
    <subfield code="p">33228031054680</subfield>
    <subfield code="r">2022-02-22</subfield>
    <subfield code="w">2022-02-22</subfield>
    <subfield code="y">BOOK</subfield>
  </datafield>
  <datafield tag="952" ind1=" " ind2=" ">
    <subfield code="0">0</subfield>
    <subfield code="1">0</subfield>
    <subfield code="2">ddc</subfield>
    <subfield code="4">0</subfield>
    <subfield code="7">0</subfield>
    <subfield code="8">F</subfield>
    <subfield code="a">KWAML</subfield>
    <subfield code="b">VEREL</subfield>
    <subfield code="c">CHILD</subfield>
    <subfield code="d">2022-05-16</subfield>
    <subfield code="l">0</subfield>
    <subfield code="o">ZUL K F ZWAN</subfield>
    <subfield code="p">33228031022491</subfield>
    <subfield code="r">2022-05-16</subfield>
    <subfield code="w">2022-05-16</subfield>
    <subfield code="y">BOOK</subfield>
  </datafield>
  <datafield tag="952" ind1=" " ind2=" ">
    <subfield code="0">0</subfield>
    <subfield code="1">0</subfield>
    <subfield code="4">0</subfield>
    <subfield code="7">0</subfield>
    <subfield code="a">MHLUZL</subfield>
    <subfield code="b">MHLUZL</subfield>
    <subfield code="d">2022-06-01</subfield>
    <subfield code="g">51.00</subfield>
    <subfield code="l">0</subfield>
    <subfield code="o">K ZUL ZWAN</subfield>
    <subfield code="p">33089000237630</subfield>
    <subfield code="r">2022-06-01</subfield>
    <subfield code="w">2022-06-01</subfield>
    <subfield code="y">BK</subfield>
    <subfield code="z">041/18</subfield>
  </datafield>
</record>
